Culture Générale - Série 2324 - Statistiques

Statistiques générales
  • Ce quiz a été pris 206 fois
  • Le résultat moyen est 5 sur 10
Statistiques - réponses
Question Réponse % Correct
Mammifère herbivore de la famille des cervidés - 6 lettres commençant par " w " - voir photo wapiti
81%
Comment a-t-on surnommé l'impératrice d'Autriche et reine de Hongrie Elisabeth de Wittelsbach ? Sissi
78%
Quelle est la nationalité de la chanteuse Shakira ? colombienne
75%
Ce mot de 5 lettres désigne un balancement rythmique caractéristique de la musique jazz des années 1940. - un coup de poing latéral en boxe - un mouvement du corps qui accompagne la frappe d'une balle de golf. swing
72%
Dans le monde du cirque,le maître de la piste, le chef d'orchestre des numéros, particulièrement des entrées de clowns est appelé "Monsieur ... Loyal
69%
Quel poisson déguste-t-on lorsqu'on mange un rollmops ? hareng
52%
Quelle est la langue officielle du Cambodge ? khmer
45%
Dans quel pays se trouve le désert appelé "salar d'Uyuni" qui est la plus grande étendue de sel du monde ? Bolivie
37%
"J'aime le son du cor, le soir, au fond des bois". A quel poète doit-on ce vers ? prénom et nom Alfred de Vigny
18%
Sous quel prénom et nom connait-on mieux le poète français Eugène Grindel (1895-1952) ? Paul Eluard
18%
Aucun quiz correspondant
Distribution des résultats
% des personnes avec chaque résultat
Percentile par nombre de réponses
Votre historique - résultats
Vous n’avez pas pris ce quiz